| 000 | 01457nac a22002411u 4500 | ||
|---|---|---|---|
| 008 | 090303t xxu||||| |||| 00| 0 eng d | ||
| 010 | _a2004040015 | ||
| 020 | _a0130351245 | ||
| 082 | 0 | 0 |
_a629.04 _bFRI _222 |
| 100 |
_aFricker, Jon D. _911963 |
||
| 245 | 1 | 0 |
_aFundamentals of Transportation Engineering : _bA Multimodal Systems Approach / _cJon D. Fricker, Robert K. Whitford. |
| 260 |
_aUpper Saddle River, NJ : _bPearson Prentice Hall, 2004 _cc2004. |
||
| 300 |
_axvi, 776 p. ; _bill. ; _c22 cm. |
||
| 504 | _aIncludes bibliographical references and index. | ||
| 650 | 0 |
_aTransportation engineering. _911964 |
|
| 700 | 1 |
_aWhitford, Robert K. _911965 |
|
| 942 |
_cBB _k629.04FRI _2ddc |
||
| 999 |
_c2122 _d2122 |
||